00163nam a2200061Ia 4500008004100000100001700041245004300058120527s9999 xx 000 0 und d aFELDMAN, R.S aEssentials of understanding psychology